| 000 | 00966nam a2200229 a 4500 | ||
|---|---|---|---|
| 001 | 000586105 | ||
| 003 | AM-YeHGA | ||
| 005 | 20250617162625.0 | ||
| 008 | 080617s2001 ai | |||||||||||||rus|d | ||
| 020 | _a5876041149 | ||
| 040 | _aAM-YeHGA | ||
| 041 | 0 | _arus | |
| 100 | 1 | _aНемировский, Александр Иосифович | |
| 245 | 1 | 0 |
_aМифы древности : Ближний Восток : _bНаучно-художественная энциклопедия : (Собрание трудов) / _cА.И. Немировский; Отв. ред. В.Ф. Шевченко. |
| 260 |
_aМосква : _bЛабиринт, _c2001. |
||
| 300 |
_a350 с. ; _c20 см. |
||
| 440 | 0 | _aТруды по мифологии, археологии, истории | |
| 504 | _aБиблиогр. с. 325-343 | ||
| 650 | 1 | 4 |
_aРелигия _xИстория _zБлижный Восток |
| 700 | 1 |
_aШевченко, В.Ф. _eред _4edt |
|
| 090 | _c496589 | ||
| 999 |
_c493210 _d493210 |
||